| 000 | 00401nam a2200157Ia 4500 | ||
|---|---|---|---|
| 005 | 20250529033946.0 | ||
| 008 | 240331s9999 xx 000 0 und d | ||
| 082 |
_bSEV _a331 |
||
| 245 | 0 | _aSevaniyukthi ida prastha saha balaporuththu sama kireema | |
| 260 | _c1975 | ||
| 300 | _a317 p ., | ||
| 650 | _aEmployment Opportunities | ||
| 650 | _aLevelling Expectations | ||
| 700 | _aMarga. | ||
| 942 | _cL | ||
| 999 |
_c5453 _d5453 |
||